02494nkc a22003017a 45000010006000000050017000060070007000230080041000300400024000712450087000952600011001823000075001935000122002685000459003905000093008496550042009428520039009848560150010238560150011738560150013238560150014739420020016239520133016439520133017769520133019099520133020429990017021758584220260429121521.0kh bo 260429s1925 sp ||||| |||| |0| i|spa d aM-RABAbspacM-RABA01a[Pintura del S.XVIIb:Velázquez, Ribera y Jusepe Leonardo]h[Material gráfico] c, 1925 a4 fotografíasb: aristotipoc, imagen 24 x 18 cm (medidas máximas)00aConjunto de 4 fotografías que representan diferentes cuadros de los pintores Velázquez, Ribera y Jusepe Leonardo.00aFot-806: Príncipe Baltasar Carlos a caballo (Velázquez). Este cuadro se conserva actualmente en el Museo del Prado (Madrid). Fot-807: Muchacha con pandero, el oído (Ribera). El cuadro fue vendido por Sotheby's en 2019. Fot-808: San Juan Bautista (Jusepe Leonardo). Una versión de este cuadro atribuida a Jusepe Leonardo se conserva en Los Angeles County Museum of Art. Fot-809: San Juan Bautista. Detalle. (Jusepe Leonardo). Detalle de FOT-808. 00aFecha de las fotografías tomada de una anotación a lápiz en el reverso de Fot-807. 7aFotografías de obras de arte975675 jFot-806; Fot-807; Fot-808; Fot-809 uhttps://archivoybiblioteca.realacademiabellasartessanfernando.com/cgi-bin/koha/opac-retrieve-file.pl?id=e7d8ebd26da458115927fd59fd593e36yFot-806 uhttps://archivoybiblioteca.realacademiabellasartessanfernando.com/cgi-bin/koha/opac-retrieve-file.pl?id=72ba44f25b591a2e47ccc893ccb7f082yFot-807 uhttps://archivoybiblioteca.realacademiabellasartessanfernando.com/cgi-bin/koha/opac-retrieve-file.pl?id=65fd82da76682d7ec1809d8a44372306yFot-808 uhttps://archivoybiblioteca.realacademiabellasartessanfernando.com/cgi-bin/koha/opac-retrieve-file.pl?id=50a8508591d20c9c05bce73c08e804b0yFot-809 cFOTOGRAFÍAn0 00102ddc40708FOTOGRAFIAaRABASFbRABASFcDP2d2026-04-29l0oFot-806p1097135r2026-04-29 12:15:46w2026-04-29yFOTOGRAFÍA 00102ddc40708FOTOGRAFIAaRABASFbRABASFcDP2d2026-04-29l0oFot-807p1097136r2026-04-29 12:15:46w2026-04-29yFOTOGRAFÍA 00102ddc40708FOTOGRAFIAaRABASFbRABASFcDP2d2026-04-29l0oFot-808p1097137r2026-04-29 12:15:46w2026-04-29yFOTOGRAFÍA 00102ddc40708FOTOGRAFIAaRABASFbRABASFcDP2d2026-04-29l0oFot-809p1097138r2026-04-29 12:15:46w2026-04-29yFOTOGRAFÍA c85842d85842